000 00689nam a2200241Ia 4500
003 OSt
005 20220926012136.0
006 a|||||r|||| 00| 0
007 ta
008 220923b |||||||| |||| 00| 0 eng d
020 _a0631155066
037 _cGeneral Book
040 _aRTL
_cRTL
_beng
041 _2eng
_aeng
082 _aY:3(S:446), M8
100 _aGambetta Diego Ed.
_9315601
245 0 _aTrust
_bMaking and breaking cooperative relations
260 _aNew York
_bBasil Blackwell
_c1988
300 _aix,246p
_ccm.
500 _aBibliography chapterwise
942 _hY:3(S:446), M8
_cGB
_2CC
999 _c621854
_d621854